000 00820nac a22002051u 4500
090 _c3173
008 081028t xxu||||| |||| 00| 0 eng d
010 _a 001042579
028 _bwww.bl.uk
082 _a100
_bEd951
100 _aEdwards, Paul.
245 _aA Modern Introduction to Philosophy. Readings from classical and contemporary sources /
_b Edited by P. Edwards ... and A. Pap.
260 _a London: [1957.]
_bFree Press: Glencoe, Ill.; George Allen & Unwin,
_c[1957.]
300 _app. ix.
_b 648;
_c25cm.
500 _aDonations.
500 _aDonations - Dr. Mostafa Gouda.
650 _aModern Philosophy.
942 _cBB
_k100Ed951
_2ddc
999 _c3173
_d3173